Vereine der 3. Liga 20/21 - Statistiken

Allgemein
  • Dieses Quiz wurde 90 mal gespielt
  • Das Durchschnittsergebnis liegt bei 16 aus 20
Antwortstatistiken
Vereine % Korrekt
Dynamo Dresden
95%
FC Bayern München II
91%
FC Hansa Rostock
91%
TSV 1860 München
90%
1.FC Kaiserslautern
86%
1.FC Magdeburg
85%
1.FC Saarbrücken
84%
FC Ingolstadt 04
83%
MSV Duisburg
81%
Hallescher FC
79%
SV Waldhof Mannheim
78%
KFC Uerdingen 05
76%
FC Viktoria Köln
75%
SC Verl
75%
SpVgg Unterhaching
74%
VfB Lübeck
74%
FSV Zwickau
73%
SV Wehen Wiesbaden
70%
SV Meppen
69%
Türkgücü München
68%
Keine übereinstimmenden Quizze gefunden
Verteilung der Resultate
Anzahl Personen mit jedem Resultat
Perzentil nach korrekt beantworteten Fragen
Ihre Resultats-Entwicklung
Sie haben dieses Quiz noch nicht gespielt